Irregular French Verbs Past Tense - Statistics

General Stats
  • This quiz has been taken 322 times
  • The average score is 11 of 13
Answer Stats
Verbs Answer % Correct
voir vu
92%
dire dit
91%
avoir eu
91%
faire fait
88%
être été
87%
pouvoir pu
85%
prendre pris
82%
devoir
81%
venir venu
78%
vouloir voulu
78%
mettre mis
77%
savoir su
76%
tenir tenu
75%
No matching quizzes found
Score Distribution
Percent of People with Each Score
Percentile by Number Answered
Your Score History
You have not taken this quiz